000 00566 a2200169 4500
001 066987
003 OSt
005 20211025120752.0
008
082 _a811.54
_bG99G
245 1 _aBlooms' biocritiques: Gwendolyn Brooks
_cedited by Harold Bloom
260 _aPhiladelphia
_bChelsea House
_c2005
300 _a156p.
690 _aBrooks, Gwendolyn, 1917-2000; African Americans in literature; Women and literature; United States; Poets, American; African American poets
700 _aBloom, Harold
_eEditor
942 _2ddc
_cBK
999 _c977
_d977